Statistics for -IA Countries By Continent

Click here to take the quiz!

General Stats

  • This quiz has been taken 76 times
    (71 since last reset)
  • The average score is 37 of 40

Answer Stats

HintAnswer% Correct
EuropeAlbania
100%
OceaniaAustralia
100%
Austria
100%
Croatia
100%
AfricaAlgeria
97%
Colombia
97%
Gambia
97%
India
97%
Romania
97%
Russia
97%
Serbia
97%
AsiaArmenia
94%
S. AmericaBolivia
94%
Bulgaria
94%
Estonia
94%
Georgia
94%
Georgia
94%
Indonesia
94%
Latvia
94%
Lithuania
94%
Mauritania
94%
Nigeria
94%
Tanzania
94%
Tunisia
94%
Zambia
94%
Ethiopia
92%
Namibia
92%
Slovakia
92%
Slovenia
92%
Liberia
89%
Malaysia
89%
North Macedonia
89%
Somalia
86%
Syria
86%
Micronesia
83%
N. AmericaSaint Lucia
83%
Cambodia
81%
Mongolia
81%
Saudi Arabia
81%
Czechia
58%

Score Distribution

Percentile by Number Answered

Percent of People with Each Score

Your Score History

You have not taken this quiz since the last reset